Panduan ekspedisi pengakap Malaysia

Bibliographic Details
Main Author: Abdul Alim Abdul Rahim
Format: Book
Published: Kuala Lumpur : DBP , 1993
Subjects:

MARC

LEADER 00000cam a2200000 7i4500
001 0000002957
002 000003201
005 20000330.0
020 |a 9836230769 
090 0 0 |a 369.43   |b ABD 
100 0 |a Abdul Alim Abdul Rahim 
245 1 0 |a Panduan ekspedisi pengakap Malaysia   |c Ab. Alim Abdul Rahim, Balkis Wan Daud 
260 |a Kuala Lumpur :   |b DBP ,   |c 1993 
300 |a 96p. ;   |c 21cm. 
650 0 0 |a Boy Scouts 
650 0 0 |a Scouts and scouting 
650 0 0 |a Scouts and scouting   |z Malaysia 
999 |a 036509   |b BUKU   |c MALAYSIANA   |e PERPUSTAKAAN KOMUNITI PETALING JAYA